000 00716nam a22001577a 4500
003 OSt
005 20150920092601.0
008 150920b xxu||||| |||| 00| 0 eng d
040 _cRUA
082 _aAGR CHH 2008 B037 Or.1
100 _9905
_aCHHOUN, MONORUM.
245 _acomparison of using fertilizer on ir66 rice variety in the dry season in kandal province (ការប្រៀបធៀបការប្រើប្រាស់ជីទៅលើបូជស្រូវអ៊ីអ៊ែរ៦៦ ក្នុងលក្ខខណ្ឌរដូវប្រាំងនៅក្នុងខេត្តកណ្តាល)
260 _aPhnom Penh
_bRUA
_c2008
300 _a49p.
_bill.
_c29cm.
942 _2ddc
_cAGR
999 _c873
_d873